000 00262nam a22001337a 4500
008 0521366577
041 _aeng
080 _a521
082 _a521NOV
100 _a19
101 _aASTRO
245 _aBLACK HOLES AND THE UNIVERSE
_cNOVIKOV.I
942 _2udc
_cBK
999 _c60470
_d60470